| 000 | 01206cac a2200325 i 4500 | ||
|---|---|---|---|
| 003 | Co-PeBPM | ||
| 005 | 20260318101828.0 | ||
| 007 | ta | ||
| 008 | 201202s20072013ck a br 000 jdspa d | ||
| 020 | _a9789588841304 | ||
| 040 | 0 |
_aCo-PeBPM _bspa _erda _cCo-PeBPM |
|
| 041 | 1 | _aspa | |
| 082 | 0 | 4 |
_222 _a(i) Br863 C683en |
| 100 | 1 |
_aColasanti, Marina _95190 _eautora |
|
| 245 | 1 | 0 |
_aEntre la espada y la rosa _c/ texto e ilustraciones Marina Colasanti; traducción de Beatriz Peña |
| 250 | _aEdición especial | ||
| 264 | 1 |
_aBogotá, Colombia _b: Babel Libros _c, 2020 |
|
| 300 |
_a112 páginas _b: ilustraciones en blanco y negro _c; 18 centímetros |
||
| 490 | 0 | _aPlan Nacional de Lectura y Escritura Leer es mi Cuento / Ministerio de Cultura | |
| 500 | _aIncluye índice. | ||
| 521 | _aRecomendado para un público infantil mayor de 9 años | ||
| 648 | 1 | 7 |
_aSiglo XX _2LEMB |
| 650 | 1 | 7 |
_aCuentos infantiles brasileños _2LEMB _9161888 |
| 650 | 1 | 7 |
_aLiteratura infantil brasileña _2LEMB _9653 |
| 650 | 1 | 7 |
_aAutores brasileños _2LEMB _9150422 |
| 650 | 1 | 7 |
_aFantasía _2LEMB _912236 |
| 650 | 1 | 7 |
_aImaginación _2LEMB _910360 |
| 700 | 1 |
_aPeña Trujillo, Beatriz _etraductora _9111748 |
|
| 942 |
_2ddc _cBK |
||
| 999 |
_c3868 _d3868 |
||